LEADER 03779nam 22004813 450 001 9911008947203321 005 20230515120420.0 010 $a9786073059237 010 $a607305923X 035 $a(MiAaPQ)EBC30539323 035 $a(Au-PeEL)EBL30539323 035 $a(CKB)26627074600041 035 $a(OCoLC)1381710431 035 $a(Perlego)4142989 035 $a(Exl-AI)30539323 035 $a(EXLCZ)9926627074600041 100 $a20230515d2023 uy 0 101 0 $aspa 135 $aurcnu|||||||| 181 $ctxt$2rdacontent 182 $cc$2rdamedia 183 $acr$2rdacarrier 200 10$aEncinos. Respuestas Morfofisiológicas a la Sequía 205 $a1st ed. 210 1$aCiudad de México :$cUniversidad Nacional Autonoma de Mexico, Instituto de Investigaciones sobre la Universidad y la Educacion,$d2023. 210 4$d©2023. 215 $a1 online resource (94 pages) 327 $aIntro -- Título -- Agradecimientos -- Dedicatorias -- Contenido -- Prefacio -- Introducción -- Capítulo 1 Género Quercus -- Distribución y condiciones ecológicas de crecimiento del género Quercus -- El género Quercus en México -- Usos e importancia de los encinos en México -- Capítulo 2 Concepto de sequía -- Sequía que involucra elementos climáticos -- Factores asociados a la sequía edáfica -- Sequía y estados fenológicos -- Características de la sequía fisiológica -- Evasión a la sequía -- Tolerancia a la sequía -- Escape a la sequía -- Aclimatación y endurecimiento -- Síntesis -- Capítulo 3 Respuestas estomáticas y fotosintéticas del género Quercus en condiciones de sequía -- Factores ambientales -- Potencial hídrico -- Componentes del potencial hídrico -- Relaciones hídricas -- Transpiración y estrés hídrico -- Transpiración y respuestas estomáticas del género Quercus -- Fotosíntesis -- Fase luminosa de la fotosíntesis -- Fase oscura de la fotosíntesis -- Consideraciones ecofisiológicas -- Respuestas fotosintéticas del género Quercus -- Fijación de CO2 en el género Quercus -- Capítulo 4 Efecto del estrés hídrico sobre los elementos osmóticamente activos en el género Quercus sp -- Ajuste osmótico -- Ajuste osmótico en el género Quercus -- Comentario -- Capítulo 5 Respuestas de estados fenológicos del género Quercus ante condiciones de sequía -- Características generales de las bellotas de los encinos -- Primeros estados fenológicos en el género Quercus -- Capítulo 6 Efecto del estrés hídrico sobre la morfología de individuos del género Quercus -- Morfología foliar -- Tallo -- Raíz -- Comentario -- Conclusiones -- Referencias -- Créditos. 330 8 $aEsta revisio?n se enfoco? fundamentalmente a investigadores interesados en la relacio?n entre la respuesta fisiolo?gica de un Quercus al de?ficit de agua que, para el caso de nuestro pai?s, por su gran nu?mero de especies, impli-ca un rosario de posibilidades adaptativas a entornos contrastantes. No obstante, la informacio?n acerca de especies mexicanas es exigua. Resaltan particularmente dos trabajos: el de Asbjornsen, Vogt y Ashton (2004), quienes realizaron un estudio en Oaxaca, y el de Quintana, Gonza?lez y Rami?rez (1992) en el estado de Chiapas. 606 $aForest ecology$7Generated by AI 606 $aDrought management$7Generated by AI 615 0$aForest ecology 615 0$aDrought management 700 $aMatus Matíaz$b Ángeles$01826998 701 $aArriaga ías$b Alberto$01826999 701 $aCruz Guzma?n$b Gumercindo H. de la$01827000 801 0$bMiAaPQ 801 1$bMiAaPQ 801 2$bMiAaPQ 906 $aBOOK 912 $a9911008947203321 996 $aEncinos. Respuestas Morfofisiológicas a la Sequía$94395046 997 $aUNINA